Английская литература в русской критике. Ч. 3: XX век (Запись № 6374944)

Подробности
000 -МАРКЕР
контрольное поле 01332nam2a22002291 4500
001 - ИДЕНТИФИКАТОР ЗАПИСИ
контрольное поле rc\8577
005 - ИДЕНТИФИКАТОР ВЕРСИИ
контрольное поле 20250620120834.0
035 ## - ДРУГИЕ СИСТЕМНЫЕ НОМЕРА
Идентификатор записи (NLR Aleph) 005309869
100 ## - ДАННЫЕ ОБЩЕЙ ОБРАБОТКИ
Данные общей обработки 20021204d1995 |||y0rusy50 ca
101 0# - ЯЗЫК РЕСУРСА
Язык текста, звукозаписи и т.д. русский
102 ## - СТРАНА ПУБЛИКАЦИИ ИЛИ ПРОИЗВОДСТВА
Страна публикации Российская Федерация
105 ## - ПОЛЕ КОДИРОВАННЫХ ДАННЫХ: ТЕКСТОВЫЕ МАТЕРИАЛЫ, МОНОГРАФИЧЕСКИЕ
Кодированные данные о монографическом текстовом документе y |||||||||
200 1# - ЗАГЛАВИЕ И СВЕДЕНИЯ ОБ ОТВЕТСТВЕННОСТИ
Основное заглавие XX век
Сведения, относящиеся к заглавию Кн. 1
210 ## - ПУБЛИКАЦИЯ, РАСПРОСТРАНЕНИЕ И ДР.
Дата издания, распространения и т.д. 1995
Место издания, распространения и т.д. Б. м.
215 ## - ФИЗИЧЕСКАЯ ХАРАКТЕРИСТИКА
Специфическое обозначение материала и объем 247 с.
461 #0 - УРОВЕНЬ НАБОРА
Встроенное поле 001rc\8573
-- 2001#$aАнглийская литература в русской критике$eБиблиогр. указ.$fРос. акад. наук. ИНИОН. [Сектор литературоведения и Б-ка ИМЛИ (Отд. ИНИОН в Ин-те мировой лит. им. А.М. Горького)$gСост. к. филол. н. А.Н. Гиривенко, А.Р. Недачина$gНауч. ред. д. филол. н. А.Р. Неколюкин]$vЧ. 3
Системный номер (АБИС) связанной записи 6374907
Место публикации М.
Дата публикации 1994-
Первые сведения об ответственности Рос. акад. наук. ИНИОН. [Сектор литературоведения и Б-ка ИМЛИ (Отд. ИНИОН в Ин-те мировой лит. им. А.М. Горького)
Имя издателя, распространителя и т.д. ИНИОН
Сведения, относящиеся к заглавию Библиогр. указ.
Заглавие Английская литература в русской критике
Номер тома Ч. 3
801 #0 - ИСТОЧНИК ЗАПИСИ
Страна Российская Федерация
Организация NLR
Правила каталогизации psbo
801 #1 - ИСТОЧНИК ЗАПИСИ
Страна Российская Федерация
Организация ELAR
Источник данных rusmarc
852 ## - МЕСТОНАХОЖДЕНИЕ И ШИФР ХРАНЕНИЯ
Идентификатор организации NLR
Наименование фонда или коллекции (Sub-Location Identifier) С
Шифр хранения (Call Number) К-1/6284
942 ## - ДОПОЛНИТЕЛЬНЫЕ ЭЛЕМЕНТЫ ЗАПИСИ (АБИС)
Тип экземпляра АБИС Книга
980 ## - КОЛЛЕКЦИЯ
Название коллекции Национальная библиография
Экземпляры
Тип экземпляра Дата поступления Библиотека постоянного хранения Библиотека текущего хранения Место хранения Шифр хранения Штрих-код Статус экземпляра Источник поступления Стоимость
Книга 26.10.2013 РНБ (Московский) РНБ (Московский) Центральная справочная библиотека С К-1/6284 1-3574344      
Книга 26.10.2021 РНБ (Московский) РНБ (Московский) Центральная справочная библиотека С К-1/6284 1-3574345   Обязательный экземпляр 0.00